ঢ়
ক্ষ
ড়
ঢ়
য়
র-ফলা‌‌‌
 
 
য-ফলা
ি
 
 
রেফ
 
 
 
যুক্ত করুন/হসন্ত
Space
Enter

Walter and Israel general pathology / (Record no. 5284)

000 -LEADER
fixed length control field 00746nam a22002537a 4500
001 - CONTROL NUMBER
control field 14833
003 - CONTROL NUMBER IDENTIFIER
control field BD-DhUAP
005 - DATE AND TIME OF LATEST TRANSACTION
control field 20201206152734.0
008 - FIXED-LENGTH DATA ELEMENTS--GENERAL INFORMATION
fixed length control field 201206r19962010ii a|||| |||| 001 0 eng d
020 ## - INTERNATIONAL STANDARD BOOK NUMBER
International Standard Book Number 9780443045622
020 ## - INTERNATIONAL STANDARD BOOK NUMBER
International Standard Book Number 9788131219560
040 ## - CATALOGING SOURCE
Original cataloging agency BD-DhUAP
Language of cataloging Eng
Transcribing agency BD-DhUAP
Modifying agency BD-DhUAP
082 ## - DEWEY DECIMAL CLASSIFICATION NUMBER
Edition number 23
Classification number 616.07 WAL
100 ## - MAIN ENTRY--PERSONAL NAME
Personal name Walter, J. B.
245 ## - TITLE STATEMENT
Title Walter and Israel general pathology /
Remainder of title J. B. Walter and I. C. Talbot.
250 ## - EDITION STATEMENT
Edition statement 7th ed.
260 ## - PUBLICATION, DISTRIBUTION, ETC.
Place of publication, distribution, etc. Edinburgh :
Name of publisher, distributor, etc. Churchill Livingstone,
Date of publication, distribution, etc. c1996 [Reprinted 2010].
300 ## - PHYSICAL DESCRIPTION
Extent viii, 952 pages :
Other physical details illustrations ;
Dimensions 28 cm.
500 ## - GENERAL NOTE
General note South Asia edition.
504 ## - BIBLIOGRAPHY, ETC. NOTE
Bibliography, etc. note Includes index.
650 ## - SUBJECT ADDED ENTRY--TOPICAL TERM
Topical term or geographic name entry element Pathology.
700 ## - ADDED ENTRY--PERSONAL NAME
Personal name Talbot, I. C.
942 ## - ADDED ENTRY ELEMENTS (KOHA)
Source of classification or shelving scheme
Koha item type Book
Holdings
Withdrawn status Lost status Source of classification or shelving scheme Damaged status Not for loan Permanent Location Current Location Shelving location Date acquired Full call number Barcode Date last seen Copy number Price effective from Koha item type
          UAP Central Library UAP Central Library General Stacks 2020-12-06 616.07 WAL 3010014833 2020-12-06 1 2020-12-06 Book
          UAP Central Library UAP Central Library General Stacks 2020-12-07 616.07 WAL 3010014826 2020-12-07 2 2020-12-07 Book
          UAP Central Library UAP Central Library General Stacks 2020-12-07 616.07 WAL 3010014827 2020-12-07 3 2020-12-07 Book
          UAP Central Library UAP Central Library General Stacks 2020-12-07 616.07 WAL 3010014832 2020-12-07 4 2020-12-07 Book
          UAP Central Library UAP Central Library General Stacks 2020-12-07 616.07 WAL 3010014831 2020-12-07 5 2020-12-07 Book
          UAP Central Library UAP Central Library General Stacks 2020-12-07 616.07 WAL 3010014830 2020-12-07 6 2020-12-07 Book
          UAP Central Library UAP Central Library General Stacks 2020-12-07 616.07 WAL 3010014824 2020-12-07 7 2020-12-07 Book
          UAP Central Library UAP Central Library General Stacks 2020-12-07 616.07 WAL 3010014825 2020-12-07 8 2020-12-07 Book
          UAP Central Library UAP Central Library General Stacks 2020-12-07 616.07 WAL 3010014829 2020-12-07 9 2020-12-07 Book
          UAP Central Library UAP Central Library General Stacks 2020-12-07 616.07 WAL 3010014828 2020-12-07 10 2020-12-07 Book

All rights reserved © UAP Central Library,
University of Asia Pacific.